Random Knowledge Quiz - Statistics

General Stats
  • This quiz has been taken 327 times
  • The average score is 8 of 15
Answer Stats
Hint Answer % Correct
According to a proverb, how many lives do cats have? 9
97%
Which restaurant's logo is called the 'Golden Arches'? McDonald's
90%
Pride Month is typically which month? June
85%
Depending on who you ask, he's from the North Pole, Lapland, Greenland, Norway or Turkey. Who is he? Santa Claus
83%
Ben-Hur, Titanic and Lord of the Rings: The Return of the King all won how many Oscars? 11
82%
Which famous route's West end is in Santa Monica and East end is in Chicago? Route 66
66%
What is both a spice and a hair color? Ginger
64%
In which TV show did Meghan Markle act when he met Prince Harry? Suits
63%
What is the first movie in Marvel Cinematic Universe? Iron Man
62%
Based on number of races won, who is the most successful Formula 1 driver ever? Lewis Hamilton
54%
What are Aang, Roku, Kyoshi and Korra? Avatars
38%
Which country consumes most coffee in the world per capita? Finland
24%
By the number of available rooms, what is the biggest hotel chain the world? Marriot
22%
In 1980, which country elected the world's first female president? Iceland
12%
What is the only James Bond theme song to hit Billboard Hot 100 number 1? A View to Kill
1%
No matching quizzes found
Score Distribution
Percent of People with Each Score
Percentile by Number Answered
Your Score History
You have not taken this quiz